[Event "TCh-SUI 2011"]
[Site "Lausanne SUI"]
[Date "2011.10.22"]
[Round "8.5"]
[White "Almada,E"]
[Black "Monsieux,C"]
[Result "0-1"]
[WhiteElo "2349"]
[BlackElo "2299"]

1.d4 Nf6 2.c4 e6 3.Nf3 b6 4.a3 Ba6 5.Qc2 Bb7 6.Nc3 c5 7.e4 cxd4 8.Nxd4 d6
9.Be2 Be7 10.Be3 Nbd7 11.O-O a6 12.Rac1 Qc7 13.f4 O-O 14.Qb1 Rac8 15.f5 e5
16.Nd5 Qd8 17.Nf3 b5 18.cxb5 Nxd5 19.exd5 axb5 20.Bxb5 Rxc1 21.Qxc1 Bxd5
22.Qd2 Nf6 23.a4 Bxf3 24.gxf3 d5 25.Qd3 Nh5 26.Re1 Bh4 27.Re2 Bg5 28.Bxg5 Qxg5+
29.Rg2 Qxg2+ 30.Kxg2 Nf4+ 31.Kf2 Nxd3+ 32.Bxd3 Rb8 33.Bb5 Kf8 34.f4 f6 35.Ke3 Ke7  0-1

[Event "TCh-AUT 2 Mitte 2011-12"]
[Site "St Valentin AUT"]
[Date "2011.10.22"]
[Round "2"]
[White "Moser,Gue"]
[Black "Spindelboeck,G"]
[Result "1-0"]
[WhiteElo "2343"]
[BlackElo "2235"]

1.d4 Nf6 2.c4 e6 3.Nf3 b6 4.a3 Ba6 5.b3 d5 6.cxd5 exd5 7.g3 Be7 8.Bg2 O-O
9.O-O c5 10.Ne5 Ne4 11.Bb2 f6 12.Nd3 c4 13.Nf4 Qd7 14.Nxd5 Qxd5 15.Nc3 Nxc3
16.Bxd5+ Nxd5 17.bxc4 Bxc4 18.e4 Nc7 19.Rc1 b5 20.Rxc4 bxc4 21.Qa4 Nba6 22.Rc1 Rab8
23.Qxc4+ Kh8 24.Rc2 h6 25.Kg2 Rb6 26.Bc1 Nb5 27.a4 Nd6 28.Qe6 Re8 29.a5 Bf8
30.Qxe8 Nxe8 31.axb6 axb6 32.Rc8 Kg8 33.Rxe8 Kf7 34.Ra8  1-0

[Event "1st Central Asia Cup"]
[Site "Tashkent UZB"]
[Date "2011.10.26"]
[Round "9.4"]
[White "Kvon,A"]
[Black "Karimov,I"]
[Result "1/2-1/2"]
[WhiteElo "2486"]
[BlackElo "2313"]

1.d4 Nf6 2.c4 e6 3.Nf3 b6 4.a3 Bb7 5.Nc3 Be7 6.d5 O-O 7.e4 d6 8.Bd3 c6 9.O-O cxd5
10.cxd5 exd5 11.exd5 g6 12.Bh6 Re8 13.Bb5 Nfd7 14.Ne4 Ba6 15.Qd4 Bf6 16.Nxf6+ Qxf6
17.Qxf6 Nxf6 18.Bxe8 Bxf1 19.Bxf7+ Kxf7 20.Kxf1 Na6 21.Re1 Nxd5 22.Ng5+ Kg8
23.Re6 Rd8 24.Ne4 Nc5 25.Rxd6 Rxd6 26.Nxd6 Nd3 27.b4 Ne5 28.Ke2 Nf7 29.Nxf7 Kxf7
30.Kd3 Ke6 31.b5 Nf6 32.Kd4 Ng4 33.Be3 Nf6 34.h3 Nd7 35.Bf4 Nc5 36.g4 Nb3+
37.Kc4 Nc5 38.f3 Nd7 39.a4 h5 40.h4 Ne5+ 41.Bxe5 Kxe5 42.g5 Kf4 43.Kd5 Kg3
44.f4 Kxh4 45.Ke6 Kg4 46.f5 h4 47.fxg6 h3 48.g7 h2 49.g8=Q h1=Q 50.Kd6 Qh2+
51.Kc6 Qc2+ 52.Kb7 Qe4+ 53.Kxa7 Qxa4+ 54.Kxb6 Qd4+ 55.Kc6 Qc3+ 56.Kb6 Qd4+
57.Ka5 Qa7+ 58.Kb4 Qe7+ 59.Ka4 Qa7+ 60.Kb3 Qe3+  1/2-1/2

[Event "38th ch-IND w 2011"]
[Site "Chennai IND"]
[Date "2011.10.30"]
[Round "2"]
[White "Cholleti,S"]
[Black "Bala Kannamma,P"]
[Result "1-0"]
[WhiteElo "2074"]
[BlackElo "1978"]

1.d4 Nf6 2.Nf3 e6 3.c4 b6 4.a3 Bb7 5.Nc3 d5 6.cxd5 Nxd5 7.Qc2 Be7 8.e4 Nxc3
9.bxc3 O-O 10.Bd3 c5 11.O-O Qc8 12.Qe2 Ba6 13.Rd1 Bxd3 14.Rxd3 Nd7 15.h4 cxd4
16.cxd4 Nf6 17.Bg5 h6 18.Bf4 Qb7 19.Nd2 Rac8 20.g4 Kh7 21.g5 Ng8 22.gxh6 Nxh6
23.Qh5 Rg8 24.Rg3 Bf8 25.Nf3 Rh8 26.Ne5 Qxe4 27.Bxh6 g6 28.Bxf8+ Kg8 29.Bh6 Qxd4
30.Rxg6+  1-0

[Event "MCC Melbourne Cup Weekender"]
[Site "Melbourne AUS"]
[Date "2011.10.31"]
[Round "6.3"]
[White "Loh,Zachary"]
[Black "Pengelley,J"]
[Result "1/2-1/2"]
[WhiteElo "1769"]
[BlackElo "2034"]

1.d4 Nf6 2.Nf3 e6 3.c4 b6 4.a3 Bb7 5.Nc3 Be7 6.d5 exd5 7.cxd5 O-O 8.e4 d6
9.Bd3 Re8 10.O-O a5 11.Nd4 Na6 12.Bb5 Nd7 13.Nc6 Bxc6 14.Bxc6 Rb8 15.Bb5 Qc8
16.b4 Bf6 17.Bb2 Re7 18.Qe2 Ra8 19.Bc6 Rb8 20.Bb5 Ra8  1/2-1/2

[Event "2nd Brno Open"]
[Site "Brno CZE"]
[Date "2011.11.15"]
[Round "4"]
[White "Smirnova,An"]
[Black "Kozusek,Daniel"]
[Result "1-0"]
[WhiteElo "2049"]
[BlackElo "1808"]

1.d4 Nf6 2.Nf3 e6 3.c4 b6 4.a3 Bb7 5.Nc3 Be7 6.Bg5 O-O 7.e3 d5 8.Qc2 Nbd7
9.cxd5 Nxd5 10.Bxe7 Qxe7 11.Nxd5 Bxd5 12.Bd3 Bxf3 13.gxf3 Nf6 14.Rc1 Rad8
15.Qxc7 Rd7 16.Qg3 Nh5 17.Qh3 g6 18.Be4 f5 19.Bc6 Rc7 20.d5 Rfc8 21.Rd1 Nf4
22.Qg3 Nxd5 23.Bxd5 exd5 24.O-O Qf6 25.Rxd5 Qxb2 26.Rfd1 Qf6 27.Qf4 Qe7 28.a4 Rc1
29.Kg2 Qc7 30.Rxc1 Qxc1 31.Rd7 Qc3 32.Qh4 h5 33.Qe7 Qh8 34.Qf7+  1-0

[Event "FSIM November"]
[Site "Budapest HUN"]
[Date "2011.11.17"]
[Round "13"]
[White "Szeberenyi,A"]
[Black "Lengyel,B"]
[Result "1/2-1/2"]
[WhiteElo "2324"]
[BlackElo "2258"]

1.d4 Nf6 2.c4 e6 3.Nf3 b6 4.a3 Bb7 5.Nc3 d5 6.Bg5 Be7 7.Bxf6 Bxf6 8.cxd5 exd5
9.Qb3 O-O 10.Rd1 c6 11.e3 Nd7 12.Bd3 Re8 13.O-O Nf8 14.Bb1 Ne6 15.Rfe1 g6
16.e4 Bg7 17.Ba2 Rc8 18.exd5 cxd5 19.Nxd5 Nxd4 20.Rxe8+ Qxe8 21.Nxd4 Bxd4
22.Qb4 Bxd5 23.Bxd5 Qe5  1/2-1/2

[Event "21st World Seniors"]
[Site "Rijeka CRO"]
[Date "2011.11.22"]
[Round "7.20"]
[White "Singer,H"]
[Black "Rajkovic,Du"]
[Result "0-1"]
[WhiteElo "2254"]
[BlackElo "2416"]

1.d4 Nf6 2.Nf3 e6 3.c4 b6 4.a3 Ba6 5.Qa4 Be7 6.Bg5 c5 7.e3 O-O 8.Nc3 Bb7
9.dxc5 bxc5 10.Be2 h6 11.Bh4 Qb6 12.Qc2 d5 13.cxd5 exd5 14.O-O Nbd7 15.Rfd1 Rac8
16.Na4 Qe6 17.Nc3 Rfe8 18.Rac1 Bf8 19.Qa4 Bc6 20.Bb5 Bxb5 21.Nxb5 Qb6 22.Rc2 Qb7
23.Nc3 Nb6 24.Qb3 Ne4 25.Nxe4 Rxe4 26.Bg3 a5 27.Qb5 a4 28.h3 c4 29.Qa5 Rc5
30.Qc3 Nd7 31.Nd2 Re6 32.Qd4 Be7 33.Nb1 Bf6 34.Qd2 Rb5 35.Nc3 Bxc3 36.Qxc3 Nc5
37.Qd4 Nd3 38.Rxd3 cxd3 39.Rc7 Qa6 40.Qxd3 Rxb2 41.Qf5 Rg6 42.Be5 Qe6 43.Qxe6 Rb1+
44.Kh2 Rxe6 45.Rc8+ Kh7 46.Bd4 Rb3  0-1

[Event "XXVII Silesian Cup"]
[Site "Legnica POL"]
[Date "2011.11.24"]
[Round "1"]
[White "Sieciechowicz,M"]
[Black "Pieniazek,Ar"]
[Result "1-0"]
[WhiteElo "2441"]
[BlackElo "2359"]

1.d4 Nf6 2.c4 e6 3.Nf3 b6 4.a3 Bb7 5.Nc3 d5 6.cxd5 Nxd5 7.Bd2 Be7 8.Qc2 O-O
9.e4 Nxc3 10.Bxc3 c5 11.dxc5 bxc5 12.Rd1 Qc8 13.Bd3 Ba6 14.O-O Nc6 15.Bxa6 Qxa6
16.Qd3 Qxd3 17.Rxd3 Rfd8 18.Rfd1 Rxd3 19.Rxd3 Rd8 20.Rxd8+ Bxd8 21.Kf1 Ba5
22.Bxa5 Nxa5 23.Ne5 f6 24.Nd3 Nb7 25.Ke2 Kf7 26.Kd2 Ke7 27.e5 fxe5 28.Nxe5 Kd6
29.Nc4+ Kd5 30.Kd3 Nd6 31.Nxd6 Kxd6 32.Ke4 e5 33.a4 g6 34.h4 Ke6 35.g3 Kd6
36.g4 Ke6 37.h5 c4 38.f4 exf4 39.Kxf4 gxh5 40.gxh5 Kd5 41.Kg5 Kd4 42.Kh6 Kd3
43.Kxh7 Kc2 44.Kg6 Kxb2 45.h6 c3 46.h7 c2 47.h8=Q+ Kb1 48.Qb8+ Ka2 49.Qc7 Kb2
50.Qb7+ Ka2 51.Qc6 Kb2 52.Qb5+ Ka3 53.Qc4 a5 54.Qxc2  1-0

[Event "Frauenbundesliga 2011-12"]
[Site "Germany GER"]
[Date "2011.11.26"]
[Round "3.1"]
[White "Kononenko, Tatiana"]
[Black "Socko, Monika"]
[Result "1/2-1/2"]
[WhiteElo "2375"]
[BlackElo "2490"]

1.d4 Nf6 2.c4 e6 3.Nf3 b6 4.a3 Bb7 5.Nc3 d5 6.cxd5 Nxd5 7.Qc2 Nxc3 8.bxc3 Nd7
9.e4 c5 10.Bb5 a6 11.Bd3 Qc7 12.Qb1 Be7 13.O-O c4 14.Be2 O-O 15.a4 Rfb8 16.Rd1 Nf6
17.Nd2 b5 18.Qc2 Bc6 19.Ba3 Bxa3 20.Rxa3 bxa4 21.e5 Nd5 22.Bxc4 Nf4 23.Bf1 Qe7
24.Nc4 Nh3+ 25.Kh1 Qh4 26.Ra2 Bd5 27.Rc1 Rc8 28.Rxa4 Nxf2+ 29.Kg1 Ng4 30.h3 Bxc4
31.Rxc4 Rxc4 32.Bxc4 Nxe5 33.Be2 Ng6 34.Bf3 Rd8 35.Qf2 Qg5 36.Ra1 a5 37.Kh1 h6
38.Qa2 Nh4 39.Be4 Rb8 40.Qxa5 f5 41.Bc6 Rb2 42.Rg1 Ng6 43.d5 exd5 44.Bxd5+ Kh7
45.Qa8 Ne7 46.c4 Rd2 47.Bf3 Rc2 48.Qa4 Qd2 49.Qe8 Qe3 50.Bh5 Rc3 51.Qf7 Qe4
52.Bf3 Qh4 53.Rf1 Rxc4 54.Bd5 Rc3 55.Be6 Rc5 56.Bxf5+ Nxf5 57.Rxf5 Qe1+ 58.Rf1 Qe4
59.Qf3 Qg6 60.Rf2 Rg5 61.Kh2 Qd6+ 62.Kh1 Qd4 63.Qf4 Qd1+ 64.Kh2 Qe1 65.Qd4 Qb1
66.Re2 Qg6 67.Rf2 h5 68.Qf4 Rd5 69.Re2 Rg5 70.Qe4 Rf5 71.Rd2 Rf6  1/2-1/2

[Event "TCh-CZE Liga1 Vychod"]
[Site "Czech Rep CZE"]
[Date "2011.11.27"]
[Round "4"]
[White "Chliapas,N"]
[Black "Zigo,V"]
[Result "0-1"]
[WhiteElo "1954"]
[BlackElo "2272"]

1.d4 Nf6 2.Nf3 b6 3.c4 e6 4.a3 Bb7 5.Nc3 d5 6.e3 Be7 7.Bd3 O-O 8.Qc2 c5 9.cxd5 exd5
10.O-O Nc6 11.Rd1 c4 12.Bf5 g6 13.Bh3 Na5 14.Nd2 Re8 15.b3 cxb3 16.Nxb3 Nc4
17.Nd2 Nd6 18.Bb2 Bc8 19.Bxc8 Rxc8 20.Qb3 Nf5 21.Nf3 Bd6 22.g3 Nxe3 23.fxe3 Rxe3
24.Kg2 Ne4 25.Re1 Rxf3 26.Qxd5 Rf2+ 27.Kg1 Nxc3 28.Bxc3 Rxc3 29.Qb5 Qf6  0-1

[Event "TCh-CZE Liga 1 Zapad"]
[Site "Czech Rep CZE"]
[Date "2011.11.27"]
[Round "4.2"]
[White "Kozak,Mi"]
[Black "Chloupek,S"]
[Result "1/2-1/2"]
[WhiteElo "2191"]
[BlackElo "2338"]

1.d4 Nf6 2.c4 e6 3.Nf3 b6 4.a3 Bb7 5.Nc3 d5 6.cxd5 exd5 7.g3 Be7 8.Qa4+ c6
9.Bg2 O-O 10.O-O Nbd7 11.Rd1  1/2-1/2

[Event "Frauenbundesliga 2011-12"]
[Site "Germany GER"]
[Date "2011.11.27"]
[Round "4.5"]
[White "Vovk, Oksana"]
[Black "Lakos, Nikoletta"]
[Result "0-1"]
[WhiteElo "2212"]
[BlackElo "2278"]

1.d4 Nf6 2.c4 e6 3.Nf3 b6 4.a3 Bb7 5.Nc3 g6 6.d5 exd5 7.cxd5 Bg7 8.g3 O-O
9.Bg2 Na6 10.O-O Nc5 11.Nd4 Re8 12.Re1 Nfe4 13.Nxe4 Nxe4 14.f3 Nd6 15.e4 Bxd5
16.Nf5 Nxf5 17.Qxd5 Nd4 18.Bg5 c6 19.Bxd8 cxd5 20.Bg5 Nc2 21.Bh3 Bxb2 22.Rac1 Nxe1
23.Rxe1 f6 24.Bf4 dxe4 25.Bxd7 Red8 26.Be6+ Kg7 27.fxe4 Bxa3 28.Kg2 Bb2 29.Rb1 Be5
30.Be3 Rd6 31.Bd5 Rc8 32.Kf3 Rc3 33.Rd1 a5 34.Rd2 a4 35.g4 g5 36.Kf2 Rxe3  0-1

[Event "25th Belgrade Trophy"]
[Site "Obrenovac SRB"]
[Date "2011.11.27"]
[Round "4.18"]
[White "Ratkovic,Milov"]
[Black "Savic,Miod1"]
[Result "0-1"]
[WhiteElo "2183"]
[BlackElo "2523"]

1.d4 Nf6 2.Nf3 e6 3.c4 b6 4.a3 Ba6 5.e3 Be7 6.Bd3 O-O 7.O-O c5 8.dxc5 bxc5
9.b3 Nc6 10.Bb2 Rb8 11.Nbd2 Qc7 12.Qc2 h6 13.Rab1 Ng4 14.h3 Nge5 15.Nxe5 Nxe5
16.Bh7+ Kh8 17.f4 Nc6 18.Bd3 Bb7 19.Nf3 d6 20.Bc3 Qd8 21.b4 Bf6 22.b5 Na5
23.Bxf6 Qxf6 24.Qd2 Qd8 25.Bc2 f5 26.Qc3 Qc7 27.Rbd1 Rbd8 28.Kh1 Kg8 29.Bb1 Ba8
30.Rd2 Rd7 31.Rfd1 Rfd8 32.Ba2 Kh7 33.Bb1 Kg8 34.Ba2 Be4 35.Bb1 Nb7 36.a4 Bxf3
37.gxf3 Qa5 38.Qxa5 Nxa5 39.Ba2 Kf8 40.Kg2 Ke7 41.Kf2 g5 42.Kg3 gxf4+ 43.exf4 Rg8+
44.Kf2 Rdd8 45.Re1 Rg6 46.Ke3 Rdg8 47.h4 Rg2 48.Rf2 Rg1 49.Ke2 Rxe1+ 50.Kxe1 Rg1+
51.Kd2 h5 52.Kc3 Rg3 53.Kb2 Kd7 54.Rf1 Rg2+ 55.Ka3 Ke7 56.Re1 Nb7 57.Rf1 Kd7
58.Bb3 Na5 59.Ba2 Kc7 60.Re1 Rf2 61.Rxe6 Rxf3+ 62.Kb2 Rf2+ 63.Ka3 Rxf4 64.Rf6 Rxh4
65.Rxf5 Kb6  0-1

[Event "Porec Open 2011"]
[Site "Porec CRO"]
[Date "2011.12.01"]
[Round "1.13"]
[White "Havas,Ja"]
[Black "Kukurin,Luka"]
[Result "1-0"]
[WhiteElo "2174"]
[BlackElo "1787"]

1.d4 Nf6 2.c4 e6 3.Nf3 b6 4.a3 Be7 5.Nc3 Bb7 6.d5 a5 7.e4 Bc5 8.Bd3 exd5
9.cxd5 O-O 10.O-O h6 11.Rb1 Re8 12.b4 axb4 13.axb4 Bf8 14.Bc2 c5 15.e5 Nh7
16.Qd3 g6 17.b5 Bg7 18.Re1 f5 19.Bb2 d6 20.e6 Nf6 21.Nh4 Ne4 22.Nxe4 Bxb2
23.Rxb2 fxe4 24.Qxe4 Qf6 25.Qxg6+ Qxg6 26.Bxg6  1-0

[Event "8th Vasylyshyn Mem GM"]
[Site "Lviv UKR"]
[Date "2011.12.03"]
[Round "5"]
[White "Semcesen,D"]
[Black "Chekhov,S"]
[Result "0-1"]
[WhiteElo "2490"]
[BlackElo "2421"]

1.d4 Nf6 2.c4 e6 3.Nf3 b6 4.a3 Bb7 5.Nc3 d5 6.Bg5 dxc4 7.e3 Be7 8.Bxc4 O-O
9.O-O Nbd7 10.Qe2 a6 11.Rfd1 b5 12.Ba2 h6 13.Bh4 Ne4 14.Nxe4 Bxh4 15.d5 e5
16.Nxh4 Qxh4 17.Ng3 Rac8 18.Rac1 g6 19.Rc3 Kg7 20.Qc2 Nf6 21.h3 Ne8 22.Ne4 Rd8
23.f3 Bc8 24.Nc5 h5 25.Rc1 Qe7 26.b4 Nf6 27.Ne4 Nxe4 28.fxe4 Qg5 29.Kh2 h4
30.Rxc7 Kh6 31.Rf1 f5 32.Rf3 fxe4 33.Qxe4 Rxf3 34.Qxf3 e4 35.Qf4 Qxf4+ 36.exf4 Bf5
37.Kg1 g5 38.fxg5+ Kxg5 39.Kf2 Kf4 40.Bb3 e3+ 41.Ke1 Bd3 42.Bd1 Rxd5 43.Bf3 Rd8
44.Rf7+ Ke5 45.Be2 Be4 46.Bf3 Bg6 47.Rg7 Rd6 48.Rg8 Kd4 49.Rh8 Bd3 50.Rxh4+ Kc3
51.Rf4 Kb2 52.h4 Kxa3 53.g4 a5 54.bxa5 b4 55.a6 Bxa6 56.Re4 b3 57.Rxe3 Rd3
58.Re6 Bc4 59.Be2 Rd4 60.Bxc4 Rxc4 61.Ra6+ Ra4 62.Rb6 Rxg4 63.h5 Rd4 64.h6 b2
65.h7 Rh4 66.Ra6+ Kb4 67.Rb6+ Kc3 68.Rc6+ Kd3 69.Rd6+ Ke3 70.Re6+ Kd4 71.Rb6 Kc3
72.Rc6+ Kd3 73.Rd6+ Kc2 74.Rc6+ Kb1 75.Rc7 Re4+ 76.Kd2 Rd4+ 77.Kc3 Rh4 78.Rb7 Kc1  0-1

[Event "2nd JAHV McGregor Open"]
[Site "Bogota COL"]
[Date "2011.12.07"]
[Round "3"]
[White "Narvaez,F"]
[Black "Borbon,O"]
[Result "1-0"]
[WhiteElo "2165"]
[BlackElo "1924"]

1.d4 Nf6 2.Nf3 e6 3.a3 b6 4.c4 Ba6 5.Qa4 Be7 6.Nc3 c6 7.e4 O-O 8.e5 Ne8 9.b4 d5
10.b5 Bb7 11.cxd5 exd5 12.Bd3 c5 13.Be3 Nd7 14.h4 cxd4 15.Qxd4 Bc5 16.Qf4 Bxe3
17.Qxe3 Nc5 18.Bc2 f6 19.Rd1 fxe5 20.Nxe5 Nf6 21.O-O Rc8 22.Bb1 Re8 23.f4 Qc7
24.Ba2 Rcd8 25.Rfe1 Kh8 26.Qg3 Rf8 27.f5 Qd6 28.Bxd5 Bxd5 29.Rxd5 Qb8 30.Rxd8 Qxd8
31.Rd1 Qe7 32.Nc6 Qf7 33.Qf3 Qc7 34.g4 g6 35.g5 Nfd7 36.Nd5 Ne5 37.Qc3  1-0

[Event "Arab Games Blitz Men"]
[Site "Doha QAT"]
[Date "2011.12.10"]
[Round "4"]
[White "Khader,Sam"]
[Black "Gameel,M"]
[Result "1/2-1/2"]
[WhiteElo "2404"]
[BlackElo "2211"]

1.d4 Nf6 2.c4 e6 3.Nf3 b6 4.a3 Bb7 5.Nc3 d5 6.cxd5 exd5 7.Bf4 Bd6 8.Bxd6 Qxd6
9.e3 O-O 10.Qc2 c6 11.Bd3 h6 12.g4 Ba6 13.g5 Bxd3 14.Qxd3 hxg5 15.Nxg5 Nbd7
16.O-O-O Rfe8 17.h4 Nf8 18.Rdg1 c5 19.Rg2 cxd4 20.Qxd4 Qe5 21.Qd3 Rad8 22.Rhg1 Nh5
23.Nf3 Qf6 24.Nd4 Ne6 25.Nce2 Nc5 26.Qf5 Qxf5 27.Nxf5 g6 28.Nfd4 Re4 29.Rh1 Rc8
30.Kb1 Nd3 31.Nc3 Re5 32.Rd1 Nc5 33.Nf3 Rf5 34.Nd4 Re5 35.Nf3 Rf5 36.Nd4 Re5
37.Nf3 Rf5 38.Nd4 Re5  1/2-1/2

[Event "Arab Games Blitz Men"]
[Site "Doha QAT"]
[Date "2011.12.10"]
[Round "8"]
[White "Kaabi,M"]
[Black "Gameel,M"]
[Result "0-1"]
[WhiteElo "2342"]
[BlackElo "2211"]

1.d4 Nf6 2.Nf3 e6 3.c4 b6 4.a3 Bb7 5.Nc3 Be7 6.d5 O-O 7.e4 exd5 8.cxd5 d6
9.Bd3 c6 10.dxc6 Nxc6 11.O-O Ne5 12.Bc2 Rc8 13.Nd4 Re8 14.Nf5 Bf8 15.Bg5 h6
16.Bh4 Ng6 17.Bxf6 Qxf6 18.Qf3 Ne5 19.Qg3 Nc4 20.Ba4 Re5 21.f4 Rec5 22.b4 R5c7
23.Nb5 Bxe4 24.Nxc7 Qxf5 25.Nb5 d5 26.Rac1 a5 27.Na7 Ra8 28.Nc6 axb4 29.Bb3 bxa3
30.Ra1 Nd2 31.Rfd1 Bc5+ 32.Kh1 Nxb3 33.Qxb3 Qxf4 34.Qh3 b5 35.Qc3 Bd6 36.Qh3 Qf2
37.Nd4 Be5 38.Rf1 Qxd4 39.Rg1  0-1

[Event "Chin Van Xanddorj GM"]
[Site "Ulaanbaatar MGL"]
[Date "2011.12.10"]
[Round "7"]
[White "Sharavdorj,D"]
[Black "Shomoev,A"]
[Result "0-1"]
[WhiteElo "2440"]
[BlackElo "2578"]

1.d4 Nf6 2.c4 e6 3.Nf3 b6 4.a3 Bb7 5.Nc3 d5 6.cxd5 Nxd5 7.Qc2 Nxc3 8.bxc3 c5
9.e4 Nc6 10.Bb2 Rc8 11.Rd1 cxd4 12.cxd4 Bd6 13.d5 exd5 14.exd5 Qe7+ 15.Be2 Na5
16.Qa4+ Kd8 17.Kf1 Rc5 18.Nd4 Qd7 19.Bb5 Ba6 20.Nc6+ Qxc6 21.Qh4+ Kc7 22.dxc6 Rxb5
23.Kg1 Rxb2 24.Qg4 Nxc6 25.Qxg7 Be5 26.Qxf7+ Kb8 27.f4 Bd4+ 28.Rxd4 Nxd4
29.h4 Nf3+  0-1

[Event "Chin Van Xanddorj GM"]
[Site "Ulaanbaatar MGL"]
[Date "2011.12.11"]
[Round "9"]
[White "Tuvshintugs,B"]
[Black "Shomoev,A"]
[Result "1/2-1/2"]
[WhiteElo "2324"]
[BlackElo "2578"]

1.d4 Nf6 2.Nf3 e6 3.c4 b6 4.a3 c5 5.d5 Ba6 6.Qc2 exd5 7.cxd5 g6 8.Nc3 Bg7
9.g3 O-O 10.Bg2 d6 11.O-O b5 12.Rd1 Nbd7 13.Bf4 Qb6 14.h3 Rfe8 15.e4 Rac8
16.Be3 Qb7 17.Bf1 Nb8 18.Nd2 b4 19.Bxa6 Nxa6 20.Ne2 c4 21.Bd4 Nc5 22.axb4 Ncxe4
23.Nxe4 Nxe4 24.Bxg7 Kxg7 25.Nc3 Nf6 26.b5 Re5 27.Qd2  1/2-1/2

[Event "XXIII Carlos Torre Magistral"]
[Site "Merida MEX"]
[Date "2011.12.18"]
[Round "4.1"]
[White "Almeida Quintana,O"]
[Black "Corrales Jimenez,F"]
[Result "1/2-1/2"]
[WhiteElo "2538"]
[BlackElo "2578"]

1.d4 Nf6 2.c4 e6 3.Nf3 b6 4.a3 Bb7 5.Nc3 g6 6.d5 exd5 7.cxd5 Bg7 8.g3 O-O
9.Bg2 a5 10.O-O Na6 11.Be3 d6 12.Rc1 Re8 13.Bd4 Bh6 14.Bxf6 Qxf6 15.e3 Qd8
16.Nd4 Qd7 17.Ncb5 Bg7 18.b3 Nc5 19.Re1 Ba6  1/2-1/2

[Event "20th Aschacher Donau"]
[Site "Aschach AUT"]
[Date "2011.12.27"]
[Round "2"]
[White "Knoll,H"]
[Black "Matt,F"]
[Result "1/2-1/2"]
[WhiteElo "2368"]
[BlackElo "2170"]

1.d4 Nf6 2.Nf3 e6 3.c4 b6 4.a3 Bb7 5.Nc3 d5 6.Bg5 Be7 7.Qa4+ Qd7 8.Qc2 O-O
9.e3 h6 10.Bf4 Nh5 11.Be5 Nc6 12.cxd5 exd5 13.Be2 Nf6 14.Rd1 Rac8 15.h3 Nd8
16.Bh2 Bd6 17.Ne5 Qe7 18.O-O c6 19.Rfe1 Ne6 20.Qf5 Rfe8 21.Bd3 g6 22.Qf3 Ng5
23.Qe2 Kg7 24.Qc2 Nd7 25.f4 Bxe5 26.fxe5 Ne6 27.Qf2 Rcd8 28.Bg3 Ndf8 29.Rf1 Nh7
30.e4 dxe4 31.Bxe4 Rd7 32.Bc2 Red8 33.d5 cxd5 34.Ba4 Rc7 35.Nb5 Rc5 36.Nd6 Rf8
37.Be8 Neg5 38.e6 f6 39.Bf7 Rd8 40.Qf4 Ba8 41.h4 Ne4 42.Nxe4 dxe4 43.Rxd8 Qxd8
44.Qd6 Qxd6 45.Bxd6 Rd5 46.Bb4 a5 47.Bc3 Bc6 48.Re1 Rd3 49.h5 gxh5 50.Bxh5 Rd6
51.e7 Re6 52.Bd4 Rxe7 53.Bxb6 Re5 54.Be2 Ng5  1/2-1/2

[Event "10th Nantes Open"]
[Site "Nantes FRA"]
[Date "2011.12.29"]
[Round "6.11"]
[White "Nicolleau,Mathias"]
[Black "Bruned,B"]
[Result "0-1"]
[WhiteElo "1890"]
[BlackElo "2207"]

1.d4 Nf6 2.c4 e6 3.Nf3 b6 4.a3 Ba6 5.Qa4 Bb7 6.Nc3 c5 7.Bf4 a6 8.Rd1 cxd4
9.Nxd4 Be7 10.f3 O-O 11.e4 d6 12.Be2 e5 13.Bxe5 dxe5 14.Ne6 fxe6 15.Rxd8 Rxd8
16.b4 Nc6 17.Qb3 Nd4 18.Qb2 Bc6 19.O-O Rd7 20.Rd1 Rad8 21.Kf2 a5 22.h4 Nh5
23.g3 g6 24.Rg1 Rf8 25.Ke3 Rfd8 26.Bd1 Bf6 27.Na2 Bg7 28.g4 Nf4 29.Nc1 Bf8
30.Ne2 Nfxe2 31.Bxe2 axb4 32.axb4 Bxb4 33.f4 Bc5 34.Rf1 Nxe2+ 35.Kxe2 Bxe4  0-1

[Event "V Stadium Casablanca Open"]
[Site "Zaragoza ESP"]
[Date "2011.12.31"]
[Round "9"]
[White "Mirzoev,A"]
[Black "Georgiev,Ki"]
[Result "0-1"]
[WhiteElo "2510"]
[BlackElo "2666"]

1.d4 Nf6 2.Nf3 e6 3.c4 b6 4.a3 c5 5.Nc3 cxd4 6.Nxd4 Bb7 7.f3 Nc6 8.Ndb5 Qb8
9.Be3 a6 10.Nd4 Ne5 11.b3 Bc5 12.Bf2 O-O 13.e3 d5 14.cxd5 Nxd5 15.Nxd5 Bxd5
16.b4 Bd6 17.Be2 Rd8 18.Qb1 b5 19.h3 Nc4 20.e4 Bb7 21.Bxc4 bxc4 22.Qc2 Be5
23.Rd1 Rd7 24.O-O Qc7 25.Ne2 Rad8 26.Bc5 Rd3 27.Nc1 Rc3 28.Qa4 h6 29.Ne2 Rcd3
30.Nc1 Rd2 31.Rxd2 Rxd2 32.Kh1 Bf4 33.Re1 Qd8 34.Ne2 Bb8 35.Be3 Qc7 36.Bg1 Kh7
37.b5 axb5 38.Qxb5 c3 39.Nxc3 Qxc3 40.Qxb7 Bg3 41.Rb1 Qc2 42.Qb3 Rxg2 43.Qxc2 Rxc2
44.Rb3 g5 45.a4 Ra2 46.a5 Kg6 47.a6 Rxa6 48.Rb2 Kh5 49.Kg2 Kh4 50.Bc5 Ra4
51.Rc2 h5 52.Be7 Be5 53.Bc5 Bd4 54.Bxd4 Rxd4 55.Rf2 Rd3 56.Kh2 Re3 57.Kg2 f6
58.Kh2 g4 59.hxg4 hxg4 60.fxg4 Kg5 61.Rc2 Rxe4 62.Kh3 Re3+  0-1

[Event "ch-AUS 2011-12"]
[Site "North Geelong AUS"]
[Date "2012.01.02"]
[Round "6.7"]
[White "Cheng,Bo"]
[Black "Muller,J"]
[Result "1-0"]
[WhiteElo "2345"]
[BlackElo "2023"]

1.d4 Nf6 2.c4 e6 3.Nf3 b6 4.a3 Bb7 5.Nc3 d5 6.cxd5 exd5 7.Qc2 Be7 8.Bf4 c6
9.e3 Nbd7 10.Bd3 O-O 11.O-O g6 12.h3 Rc8 13.Rfd1 c5 14.dxc5 Nxc5 15.Bh6 Re8
16.Bb5 Ncd7 17.Qe2 Rc5 18.Nd4 Qa8 19.Nb3 Rcc8 20.Bg5 Bc6 21.Bxc6 Qxc6 22.Rac1 Qb7
23.Qf3 Ne5 24.Qf4 Ned7 25.Qh4 Rc4 26.Rd4 Rec8 27.Rcd1 Rxd4 28.Rxd4 Qc6 29.Nxd5 Nxd5
30.Bxe7 Re8 31.Bg5 Ne5 32.Qe4 Nc7 33.Qxc6 Nxc6 34.Rc4 Ne6 35.Bf6 Nb8 36.Be5 Nd7
37.Bd6 f6 38.Kf1 Kf7 39.Ke2 Rd8 40.Ra4 a5 41.Rc4 g5 42.Rc6 Re8 43.Kd3 Nd8
44.Rc7 Ke6 45.Bg3 Nf7 46.Nd4+ Ke7 47.Kc4 Ne5+ 48.Bxe5 fxe5 49.Nf5+ Kd8 50.Ra7 Re6
51.Kd5 Rf6 52.g4 Kc8 53.Nd6+ Kd8 54.Ra8+  1-0

[Event "XXIII Roquetas Open"]
[Site "Roquetas de Mar ESP"]
[Date "2012.01.02"]
[Round "1"]
[White "Martinez Villar,Je"]
[Black "Malakhatko,V"]
[Result "0-1"]
[WhiteElo "2095"]
[BlackElo "2524"]

1.d4 Nf6 2.Nf3 e6 3.c4 b6 4.a3 Ba6 5.Qc2 Bb7 6.Nc3 c5 7.dxc5 bxc5 8.e4 Nc6
9.Bd3 Qb8 10.Bg5 Ng4 11.Bh4 Bd6 12.Be2 Nge5 13.Rd1 Nxf3+ 14.Bxf3 Nd4 15.Qd3 Bc6
16.b4 Nxf3+ 17.gxf3 cxb4 18.Nb5 Be5 19.axb4 O-O 20.Be7 f5 21.Bxf8 Qxf8 22.Nd6 fxe4
23.fxe4 Bxd6 24.Qxd6 Qf3 25.Rg1 Qxe4+ 26.Kd2 g6 27.Qd3 Qf4+ 28.Kc3 d5 29.Qd4 Qf5
30.b5 Be8 31.Kb4 Rc8 32.cxd5 Rb8 33.b6  0-1

[Event "XXIII Roquetas Open"]
[Site "Roquetas de Mar ESP"]
[Date "2012.01.03"]
[Round "3"]
[White "Svetushkin,D"]
[Black "Pogorelov,R"]
[Result "1-0"]
[WhiteElo "2598"]
[BlackElo "2415"]

1.d4 Nf6 2.c4 e6 3.Nf3 b6 4.a3 Ba6 5.Qb3 d5 6.cxd5 Qxd5 7.Qc2 c5 8.Nc3 Qd8
9.Bg5 cxd4 10.Qa4+ Qd7 11.Qxd4 Be7 12.Rd1 Qxd4 13.Nxd4 Bb7 14.Ndb5 Na6 15.e4 h6
16.Bf4 O-O 17.Bd6 Rfe8 18.f3 Bd8 19.Be2 Nc5 20.Kf2 a6 21.Nc7 Bxc7 22.Bxc7 b5
23.Bd6 Rec8 24.g4 Ne8 25.Bg3 Bc6 26.h4 Na4 27.Nxa4 bxa4 28.Rd4 f6 29.Bc4 Kf7
30.Rhd1 Ra7 31.Ke3 Ke7 32.Be1 a5 33.Be2 Rb8 34.Rc1 Bd7 35.Rc5 Rxb2 36.Bxa5 e5
37.Rb4 Rb3+ 38.Rxb3 axb3 39.Bb4 Kf7 40.Kd2 Be6 41.Kc3 Nc7 42.Kb2 Rb7 43.Ba5 Ne8
44.Rc6 g6 45.Bc3 g5 46.h5 Nc7 47.Rc5 Ke7 48.Ba5 Ne8 49.Bb4 Kf7 50.Ba6 Ra7
51.Bc4 Bxc4 52.Rxc4 Nc7 53.Kxb3 Ne6 54.Bc3 Rb7+ 55.Kc2 Ke7 56.a4 Kd7 57.a5 Nc7
58.Rb4 Ra7 59.Rb8 Ke6 60.Bb4 Na6 61.Rb6+ Kf7 62.Bd6 Nc7 63.Bxc7 Rxc7+ 64.Kb2 Rc5
65.a6 Ra5 66.Kb3 Ra1 67.Kb4 Ke7 68.Kc5 Rc1+ 69.Kd5 Rd1+ 70.Kc6 Rd6+ 71.Kc5 Rd1
72.a7 Ra1 73.Rb7+ Ke6 74.Kc6 Rc1+ 75.Kb6 Ra1 76.Kc7 Ra3 77.Kb8  1-0

[Event "XXI Paul Keres Memorial Preliminary"]
[Site "Tallinn EST"]
[Date "2012.01.06"]
[Round "3"]
[White "Volodin,Alek"]
[Black "Krupenski,Y"]
[Result "1/2-1/2"]
[WhiteElo "2491"]
[BlackElo "2252"]

1.d4 Nf6 2.c4 e6 3.Nf3 b6 4.a3 Bb7 5.Nc3 Ne4 6.Nxe4 Bxe4 7.e3 Be7 8.Bd3 Bxd3
9.Qxd3 d5 10.O-O O-O 11.e4 dxe4 12.Qxe4 Nd7 13.Bf4 c5 14.Rad1 Nf6 15.Qb7 Qd7
16.Qxd7 Nxd7 17.dxc5 Nxc5 18.b4 Na4 19.Rd7 Rfe8 20.Ne5 a5 21.Nc6 Bf8 22.g3 axb4
23.axb4 Rec8 24.b5 Nb2 25.Rc1 Bc5 26.Rc2 Ra1+ 27.Kg2 Rd1 28.Rxd1 Nxd1 29.Be5 Kf8
30.Rd2 f6 31.Ba1 Nxf2 32.Rxf2 Bxf2 33.Kxf2 Rc7 34.Bd4 Rb7 35.c5 e5 36.Be3 bxc5
37.Bxc5+ Ke8 38.b6 Kd7 39.Na5 Rb8 40.b7 Kc7 41.Ba7 Rxb7 42.Nxb7 Kxb7 43.Bc5 f5
44.Bd6 e4 45.Ke3 Kc6 46.Bf8 g6 47.Kf4 Kd5 48.Bg7 Ke6 49.Bd4 Kd5 50.Be3 Kc4
51.h4 Kd3 52.Bb6 h6 53.Bc5 Ke2 54.Bb6 h5 55.Bc5 Kf1 56.Kg5 Kg2 57.Kf4 Kh3
58.Bf2 Kg2 59.Be1 Kf1 60.Bd2 Kg2 61.Bc3 e3 62.Kxe3 Kxg3 63.Bf6 f4+ 64.Ke2 Kg2
65.Bd4 Kg3 66.Bf6 Kg2 67.Bd4  1/2-1/2

[Event "TCh-FIN SM-Liiga 2011-12"]
[Site "Helsinki FIN"]
[Date "2012.01.14"]
[Round "7.4"]
[White "Kanko,I"]
[Black "Sammalvuo,T"]
[Result "0-1"]
[WhiteElo "2231"]
[BlackElo "2477"]

1.d4 Nf6 2.c4 e6 3.Nf3 b6 4.a3 Ba6 5.Nbd2 d5 6.e3 Be7 7.b3 O-O 8.Bd3 c5 9.O-O Nc6
10.Bb2 cxd4 11.exd4 Rc8 12.Qe2 Re8 13.Rad1 Bf8 14.Ne5 dxc4 15.Ndxc4 Bb7 16.Bb1 g6
17.Ne3 Ne7 18.f4 Ned5 19.N3g4 Nh5 20.Qb5 f5  0-1